Επίδραση των μετεωρολογικών φαινομένων που επικρατούν κατά τη διάρκεια του καλοκαιριού στα επίπεδα όζοντος στην ευρύτερη περιοχή Αθήνων : πτυχιακή εργασία

Saved in:
Bibliographic Details
Main Author: Αλεξανδροπούλου, Αλεξάνδρα
Corporate Author: Πανεπιστήμιο Αιγαίου. Σχολή Περιβάλλοντος. Τμήμα Περιβάλλοντος
Other Authors: Μελάς, Δημήτριος Αν (Thesis advisor)
Format: Thesis Book
Language:Greek
Published: Μυτιλήνη : Πανεπιστήμιο Αιγαίου, Τμήμα Περιβάλλοντος, Τομέας Περιβαλλοντικής Μηχανικής, 1998
Subjects:
Online Access:http://hdl.handle.net/11610/10072
Tags: Add Tag
No Tags, Be the first to tag this record!

MARC

LEADER 00000cam a2200000 i 4500
001 1/7152
008 000620s1998 gre d
035 |l 10062182 
040 |a GR-MY-UA  |b gre  |e aacr 
041 0 |a gre 
082 0 |a 628.53  |2 (22) 
100 1 |a Αλεξανδροπούλου, Αλεξάνδρα. 
245 1 0 |a Επίδραση των μετεωρολογικών φαινομένων που επικρατούν κατά τη διάρκεια του καλοκαιριού στα επίπεδα όζοντος στην ευρύτερη περιοχή Αθήνων :  |b πτυχιακή εργασία /  |c Αλεξανδροπούλου Αλέξανδρα ; υπεύθυνος καθηγητής: Δημήτρης Μελάς 
260 |a Μυτιλήνη :   |b Πανεπιστήμιο Αιγαίου, Τμήμα Περιβάλλοντος, Τομέας Περιβαλλοντικής Μηχανικής,   |c 1998 
300 |a 87 σ.;  |b πιν., σχ.;  |c 30 εκ. 
500 |a Επιτροπή: Μιχάλης Αγγελίδης, Χριστόδουλος Πηλίνης 
502 |a Πτυχιακή εργασία – Πανεπιστήμιο Αιγαίου, Λέσβος, 1998. 
504 |a Περιέχει βιβλιογραφία 
650 0 0 |a Air  |x Pollution  |z Greece  |z Athens. 
650 0 |a Air  |x Pollution  |z Greece  |z Athens  |x Measurement. 
650 0 0 |a Ozone. 
650 0 0 |a Dissertations, Academic  |z Greece. 
700 1 |4 ths  |a Μελάς, Δημήτριος Αν. 
710 2 |a Πανεπιστήμιο Αιγαίου.   |b Σχολή Περιβάλλοντος.   |b Τμήμα Περιβάλλοντος. 
852 |a INST  |b LESVOS  |c DIATR  |e 20000620  |h 451  |p 005100025853  |q 005100025853  |t DIE  |y 23 
852 |a INST  |b LESVOS  |c DIATR  |e 20000620  |h 452  |p 005100025852  |q 005100025852  |t DIE  |y 23 
856 |u http://hdl.handle.net/11610/10072 
901 |a BIBL1-2000-2 
909 |a Λ  |b 080464 
909 |a Λ  |b 080465 
924 |a ΑΛΕΞΑΝΔΡΟΠΟΥΛΟΥ  |b ΑΛΕΞΑΝΔΡΑ  |y ΛΕΣΒΟΣ  |z 1998 
970 |a ΑΙΒΑΤΖΙΔΟΥ  |b ΕΛΕΝΗ  |z 2000/06/21